=LDR 00000nam 2200000 4500 =001 INLIS000000000032635 =005 20140407123511.0 =006 =007 =008 ind =035 ##$$a 0010-061300000032635 =041 ##$$a ind =082 ##$$a 028.55 =090 ##$$a 028.55, May,i =100 ##$$a Maya,Sekar =245 ##$$a I Love Cooking, Sekar Maya;Penyunting,Dadan Ramadhan =260 ##$$a 2009 $b Bandung =300 ##$$a 132 hlm., Illus, 2009 =650 ##$$a Bacaan Anak-Anak =700 ##$$a Ramadhan,Dadan =850 ##$$a NBPNMAT